Zmeny v slovenskom zdravotníctve v období 2006 - 2010 bakalárska práca

Salvato in:
Dettagli Bibliografici
Autore principale: Jančura, Branislav
Ente Autore: Národohospodárska fakulta EU. Katedra sociálneho rozvoja a práce
Altri autori: Pechová, Michaela, 1977-
Natura: Libro
Lingua:slovacco
Pubblicazione: Bratislava 2012
Tags: Aggiungi Tag
Nessun Tag, puoi essere il primo ad aggiungerne!!

MARC

LEADER 00000nbm a2200000 4500
001 0161235
005 20160523111523.6
041 0 |a slo 
044 |a SK 
245 1 0 |a Zmeny v slovenskom zdravotníctve v období 2006 - 2010  |b bakalárska práca  |c Branislav Jančura ; školiteľ: Michaela Pechová 
264 1 |a Bratislava  |c 2012 
300 |a 44 s. 
100 1 |a Jančura, Branislav 
700 1 |a Pechová, Michaela, 1977- 
710 2 |a Národohospodárska fakulta EU. Katedra sociálneho rozvoja a práce